| 000 | 01009nas a2200337 4500 | ||
|---|---|---|---|
| 001 | BR0402014 | ||
| 003 | BR-BrBNA | ||
| 005 | 20231205104443.0 | ||
| 007 | ta | ||
| 008 | 230509b bl.|||p| |||| 00| 00por d | ||
| 040 |
_aBR-BrBNA _bpor _cBiblioteca Nacional de Agricultura |
||
| 041 | _a(Pt) | ||
| 072 | _aL02; L52 | ||
| 100 | 1 | _aStringhini, J.H. | |
| 100 | 1 | _aResende, A. di | |
| 100 | 1 | _aCafé, M.B. | |
| 100 | 1 | _aLeandro, N.S.M. | |
| 100 | 1 | _aAndrade, M.A. | |
| 245 | 1 | _aEfeito do peso inicial dos pintos e do período de fornecimento da dieta pré-inicial sobre o desempenho de frango de corte | |
| 650 | _aFRANGO DE CORTE | ||
| 650 | _aPINTO | ||
| 650 | _aDIETA | ||
| 650 | _aPERFORMANCE | ||
| 650 | _aRAÇÃO | ||
| 650 | _aPESO | ||
| 650 | _aCONSUMO ALIMENTAR | ||
| 650 | _aESTATÍSTICA | ||
| 773 | 0 |
_tRevista Brasileira de Zootecnia (Brazil) _xISSN 1516-3598 _g(Mar-Apr 2003), v. 32(2) p. 353-360 _wBR0402014 |
|
| 909 |
_a202311 _bLúcia _c55 _dLúcia Elande |
||
| 942 |
_2AGRIS _n0 _cANA |
||
| 999 |
_c178222 _d178222 |
||